Ryan Dai

N/A


Categories

Fine Arts - Painting06006087106.8300
Literature - American1400556790.2000
Literature - British1300455790.2500
Fine Arts - Music04004093103.7500
Science - Biology04004089116.7500
Literature - European2100404274.0012
History - World03003096110.0000
Other - Other Academic and General Knowledge0300308498.6700
Fine Arts - Opera11002576100.0000
Fine Arts - Architecture1100254585.5000
Social Science - Economics02002091107.0000
Literature - World and Miscellaneous0200208688.0000
Geography - United States1000153636.0001
Science - Chemistry0100109292.0000
Science - Computer Science0100108383.0000
Science - Engineering and Miscellaneous010010114114.0000
Current Events - U.S.0100107373.0000
Science - Physics0100107575.0000
History - American010010101101.0000
Fine Arts - Ballet/Dance010010126126.0000
RMP - Greco-Roman Mythology010010117117.0000
RMP - Hebrew Bible0100109090.0000
History - European010010119119.0000
RMP - Islam010010120120.0000
Fine Arts - Photography010010100100.0000
RMP - Philosophy010010101101.0000
Geography - World000000.0000
History - Cross, Historiography, and Miscellaneous000000.0000
Geography - Europe000000.0000
Fine Arts - Film000000.0000
RMP - Hinduism000000.0000
RMP - World Mythology000000.0000
Current Events - World000000.0000
Science - Math000000.0000

Buzzes

RMP - World MythologyMordred016
Literature - BritishBecky Sharp020
History - Europeandoctors023
Geography - United StatesPennsylvania2036
Literature - EuropeanDon Quixote2042
Fine Arts - Architectureoffice buildings2045
Literature - EuropeanThe Tin Drum2050
Science - Physicsphotoelectric effect052
Literature - BritishErnest2057
Geography - Europestones064